Vývoj zaměstnanosti a mezd v ČSFR 1.-3. čtvrtletí 1991.

Vývoj zamestnanosti v 1.-3. štvrťroku 1991 v ČSFR. Postupný presun pracovnej aktivity do súkromného sektoru. Práca v zahraničí. Pokles zamestnanosti v priemysle. Zmenšovanie priemernej veľkosti organizácií čs. ekonomiky. Zvýšenie objemu vyplácaných mzdových prostriedkov. Priemerná mesačná minimálna...

Ausführliche Beschreibung

Gespeichert in:
Bibliographische Detailangaben
1. Verfasser: Dittrich, Pavel
Format: Buchkapitel
Sprache:Tschechisch
Schlagworte:
Tags: Tag hinzufügen
Keine Tags, Fügen Sie das erste Tag hinzu!

MARC

LEADER 00000naa a2200000 4500
001 r007566
005 20220831090842.9
041 0 |a cze 
044 |a [CS] 
245 1 0 |a Vývoj zaměstnanosti a mezd v ČSFR 1.-3. čtvrtletí 1991.  |c Pavel Dittrich 
520 |a Vývoj zamestnanosti v 1.-3. štvrťroku 1991 v ČSFR. Postupný presun pracovnej aktivity do súkromného sektoru. Práca v zahraničí. Pokles zamestnanosti v priemysle. Zmenšovanie priemernej veľkosti organizácií čs. ekonomiky. Zvýšenie objemu vyplácaných mzdových prostriedkov. Priemerná mesačná minimálna mzda. Diferenciácia v úrovni a dynamika miezd. 
610 2 0 |a zamestnanosť 
610 2 0 |a ČSFR 
610 2 0 |a 1991 
610 2 0 |a porovnanie štatistické 
610 2 0 |a sektor súkromný 
610 2 0 |a veľkosť podnikov 
610 2 0 |a prostriedky mzdové 
610 2 0 |a mzdy minimálne 
610 2 0 |a diferenciácia mzdová 
100 1 |a Dittrich, Pavel